000 00259nam a2200109Ia 4500
008 190216s9999||||xx |||||||||||||| ||und||
100 _aKhanna B S
245 0 _aAdvanced Practical Cost Accounting
260 _bS Chand & Co
_c1989
300 _a727p
942 _cBK
999 _c5430
_d5430